Представление документа в формате RUSMARC

Поле Инд. ПП Название Значение
Тип записи a
Библиографический уровень a
001 Контрольный номер RU/REP/BASE/00010404
005 Дата корректировки 20181104132000.8
200 1_ a Заглавие Уголовная ответственность несовершеннолетних в странах континентальной системы права
f Первые сведения об ответственности Оловенцова С.Ю.
b Общее обозначение материала Текст
210 1_ d Дата издания 2015
461 _0 1 001RU/REP/BASE/00010629
1 2001
a Закон и право
463 1 20002
a №6.
v С. 99-103
1 21012
d 2015
610 0_ a Ключевые слова ЗАКОНОТВОРЧЕСТВО, ПРАВО ЗАРУБЕЖНЫХ СТРАН, НЕСОВЕРШЕННОЛЕТНИЕ, УГОЛОВНОЕ ПРАВО, ЭКСТРЕМИЗМ, УГОЛОВНАЯ ОТВЕТСТВЕННОСТЬ
700 _1 a Фамилия Оловенцова
b Имя С.Ю.
901 t Тип документа b
w Контрольный № источника 7263449b07094accbe77c8ab0a387da6